000 01471nam a22003977a 4500
003 CHAP
005 20241125092626.0
008 090112s2008 mx a r 00010 spa d
010 _a95632
011 _a96604
035 _a107258
040 _cCHAP
090 _aTesis
100 1 _aHinojoza Esquivel, Angelina
_955517
245 1 0 _aProyecto de inversión nave agroindustrial para "Santa Margarita" frutas y legumbres deshidratadas S. de R.L.M.I.
_c/por Angelina Hinojosa Esquivel
260 _aChapingo, Méx. :
_bEl autor,
_c2008
300 _axiii, 109 h. :
_bilus., gráfs., tablas
502 _aTesis (Ing. Agroindustrial) -- UACH. Departamento de Ingenieria Agroindustrial
530 _aTambién disponible en línea
590 _aALEPH
_b10
_c20130110
590 _aBATCH-UPD
_b10
_c20130110
590 _aBATCH-UPD
_b10
_c20130410
590 _aBATCH-UPD
_b10
_c20130914
590 _aBATCH-UPD
_b10
_c20140324
590 _aBATCH-UPD
_b10
_c20141002
590 _aCONVERSION
_b10
_c20130109
650 1 4 _aAlimentos
_xDeshidratación.
_94212
650 1 4 _aFrutas y legumbres
_xDeshidratación.
_943680
650 1 4 _aIndustrias agrícolas.
_957925
650 1 4 _aProyectos
_xEvaluación.
_992525
856 _3Finding aid
_uhttp://10.13.5.2/tesis/107258.pdf
_zTeclea aqui
901 _aBK
942 _cFOLL
_2ddc
949 _aTesis
_bBC
_cTES
_d33724002081165
_eTS2
_fc.2
_h48446
_i107258
_sb
949 _aTesis
_bBC
_cTES
_d33724002081207
_eTS1
_h48445
_i107258
_sb
999 _c95632
_d95632